| 000 | 00826nam a2200241Ia 4500 | ||
|---|---|---|---|
| 003 | OSt | ||
| 005 | 20260120102051.0 | ||
| 008 | 210716s1987 xx 000 0 und d | ||
| 020 | _a8769265710 | ||
| 040 | _cAIMIT LIBRARY | ||
| 041 | _aeng | ||
| 082 |
_a006.620288 _21 _bCAIN |
||
| 100 |
_aCain, Nancy Woodard. _9251798 |
||
| 245 |
_aHard disk manager: _b25 utilities to customize organize and manage your hard disk system / _cBy Nancy Woodard Cain and Thomas Cain. |
||
| 250 | _a1st ed. | ||
| 260 |
_aNew Delhi : _bPrentice Hall of India PVt Ltd , _c1987. |
||
| 300 |
_axv,299p. ; _bPB _c24 cm |
||
| 650 |
_aInstalling hard disk manager _9251799 |
||
| 650 |
_aFile management utilities _9251800 |
||
| 650 |
_aHelp screen utilities _9251801 |
||
| 700 |
_aCain, Thomas. _9251802 |
||
| 942 |
_2ddc _cBK _e1st _k006.620288 CAIN |
||
| 999 |
_c182850 _d182850 |
||